[Event "Sachovy Festival 2019"]
[Site "Prague"]
[Date "2019.06.19"]
[Round "10.2"]
[White "Timman, Jan H"]
[Black "Nguyen, Thai Dai Van"]
[Result "0-1"]
[WhiteElo "2549"]
[BlackElo "2529"]
[Annotator "ChessBase"]
[PlyCount "60"]
[EventDate "2019.06.17"]
[EventType "match"]
[EventCountry "CZE"]
[SourceTitle "playchess.com"]
[Source "ChessBase"]
[SourceQuality "1"]
[TimeControl "1200+10"]

1. c4 {[%emt 0:00:00]} Nf6 {[%emt 0:00:00]} 2. Nf3 {[%emt 0:00:00]} e6 {[%emt 0:00:08]} 3. g3 {[%emt 0:00:00]} d5 {[%emt 0:00:02]} 4. b3 {[%emt 0:00:02]} Be7 {[%emt 0:00:02]} 5. Bb2 {[%emt 0:00:03]} O-O {[%emt 0:00:02]} 6. Bg2 {[%emt 0:00:02]} c5 {[%emt 0:00:02]} 7. O-O {[%emt 0:00:03]} Nc6 {[%emt 0:00:02]} 8. e3 {[%emt 0:00:05]} b6 {[%emt 0:00:01]} 9. Nc3 {[%emt 0:00:02]} Ba6 {[%emt 0:00:02]} 10. d3 {[%emt 0:00:02]} Rc8 {[%emt 0:00:02]} 11. Qe2 {[%emt 0:00:03]} Qc7 {[%emt 0:00:01]} 12. Nb5 {[%emt 0:00:07]} Qb8 {[%emt 0:00:04]} 13. Rad1 {[%emt 0:00:31]} Rfd8 {[%emt 0:00:35]} 14. Bh3 {[%emt 0:00:23]} Bb7 {[%emt 0:00:24]} 15. g4 {[%emt 0:00:58]} a6 {[%emt 0:00:37]} 16. g5 {[%emt 0:00:03]} axb5 {[%emt 0:01:01]} 17. gxf6 {[%emt 0:00:03]} Bxf6 {[%emt 0:00:02]} 18. Bxf6 {[%emt 0:00:07]} gxf6 {[%emt 0:00:02]} 19. cxb5 {[%emt 0:01:38]} Ne7 {[%emt 0:00:14]} 20. d4 {[%emt 0:00:36]} Kh8 {[%emt 0:00:13]} 21. Kh1 {[%emt 0:00:07]} Rg8 {[%emt 0:01:29]} 22. Nh4 {[%emt 0:01:19]} cxd4 {[%emt 0:00:21]} 23. Qf3 {[%emt 0:00:47]} Qe5 {[%emt 0:01:40]} 24. exd4 {[%emt 0:00:11]} Qe4 {[%emt 0:00:08]} 25. Qxe4 {[%emt 0:01:26]} dxe4 {[%emt 0:00:02]} 26. Ng2 {[%emt 0:00:01]} f5 {[%emt 0:00:08]} 27. Rfe1 {[%emt 0:01:54]} Nd5 {[%emt 0:01:06]} 28. Rd2 {[%emt 0:00:15]} Rc3 {[%emt 0:00:07]} 29. Ne3 {[%emt 0:00:04]} f4 {[%emt 0:00:03]} 30. Nxd5 {[%emt 0:00:09]} Bxd5 {[%emt 0:00:06]} 0-1